El Món des d'una rajola : exposició itinerant exposició itinerant
Publicado:
Barcelona :
Diputació de Barcelona. Àrea de Cultura. Oficina de Patrimoni Cultural, [2009]
Descripción Física:
76, [6] p., il. col. ; 29 cm
Materias:
Rajoles -- Exposicions
MARC
| LEADER | 00000nam a2200000Ia 4500 | ||
|---|---|---|---|
| 001 | 22698 | ||
| 008 | 160829s9999 xx 000 0 cat d | ||
| 080 | |a B-2-219 | ||
| 245 | |a El Món des d'una rajola : |b exposició itinerant | ||
| 260 | |a Barcelona : |b Diputació de Barcelona. Àrea de Cultura. Oficina de Patrimoni Cultural, [2009] | ||
| 300 | |a 76, [6] p., il. col. ; |c 29 cm | ||
| 590 | |a Inaugurada el 12 de juliol de 2008 | ||
| 650 | |a Rajoles |x Exposicions |9 40983 | ||
| 710 | 1 | |a Barcelona (Catalunya : Província). |b Oficina de Patrimoni Cultural |9 52675 | |
| 901 | |a Arxiu | ||
| 942 | |n 1 | ||
| 952 | |0 0 |1 0 |4 0 |6 B2219 |7 1 |9 49978 |a Arxiu |b Arxiu |d 2016-12-01 |l 0 |o B-2-219 |p 22698 |r 2016-12-01 00:00:00 |w 2016-12-01 |y ARXIU | ||
| 999 | |c 53820 |d 53820 | ||